[Event "Ruhrgebiet Regionalliga 1112"]
[Site "Nordrheinwestfalen"]
[Date "2012.01.15"]
[Round "6.2"]
[White "Brodsky, Michail"]
[Black "Schlange, Stefan"]
[Result "1-0"]
[WhiteElo "2554"]
[BlackElo "2124"]
[PlyCount "77"]
[EventDate "2011.09.25"]
[EventType "team-tourn"]
[EventRounds "9"]
[EventCountry "GER"]
[SourceTitle "EXT 2020"]
[Source "ChessBase"]
[SourceDate "2019.10.17"]
[SourceVersion "1"]
[SourceVersionDate "2019.10.17"]
[SourceQuality "1"]
[WhiteTeam "Hattingen"]
[BlackTeam "Wattenscheid SV III"]
[WhiteTeamCountry "GER"]
[BlackTeamCountry "GER"]

1. d4 d5 2. c4 e6 3. Nf3 c6 4. Qc2 Bd6 5. g3 Nf6 6. Bg2 0-0 7. 0-0 Nbd7 8. Nbd2 b6 9. e4 dxe4 10. Ng5 Bb7 11. Ndxe4 Bc7 12. Be3 h6 13. Nxf6+ Nxf6 14. Nf3 Ng4 15. Qe4 Nxe3 16. Qxe3 Qe7 17. c5 bxc5 18. dxc5 e5 19. Rfe1 Rfe8 20. b4 a5 21. a3 axb4 22. axb4 Rxa1 23. Rxa1 Qd7 24. Nd2 e4 25. Nxe4 f5 26. Qb3+ Kh8 27. Rd1 Qe7 28. Nd6 Bxd6 29. cxd6 Qd7 30. Qc4 Re5 31. h4 Rb5 32. Re1 Kh7 33. Qf4 Qf7 34. Re7 Qf6 35. Qd2 Bc8 36. Bxc6 Rb6 37. b5 f4 38. Qxf4 Qa1+ 39. Kh2 1-0

[Event "Ruhrgebiet Verbandsliga1 1011"]
[Site "Nordrheinwestfalen"]
[Date "2011.04.10"]
[Round "9.2"]
[White "Schlange, Stefan"]
[Black "Gierse, Heinz Dieter"]
[Result "1-0"]
[WhiteElo "2122"]
[BlackElo "1963"]
[PlyCount "77"]
[EventDate "2011.09.12"]
[EventType "team-tourn"]
[EventRounds "9"]
[EventCountry "GER"]
[SourceTitle "EXT 2020"]
[Source "ChessBase"]
[SourceDate "2019.10.17"]
[SourceVersion "1"]
[SourceVersionDate "2019.10.17"]
[SourceQuality "1"]
[WhiteTeam "Wattenscheid SV"]
[BlackTeam "Bottrop SV"]
[WhiteTeamCountry "GER"]
[BlackTeamCountry "GER"]

1. e4 d5 2. exd5 Nf6 3. Nf3 Nxd5 4. d4 g6 5. c4 Nb6 6. Nc3 Bg7 7. c5 N6d7 8. Bc4 0-0 9. 0-0 Nc6 10. Re1 h6 11. Be3 e5 12. d5 Ne7 13. d6 Nf5 14. dxc7 Qxc7 15. Nd5 Qd8 16. Bd2 e4 17. Rxe4 Nxc5 18. Re1 Nd3 19. Bxd3 Qxd5 20. Bb4 Rd8 21. Be4 Qxd1 22. Raxd1 Rxd1 23. Rxd1 Be6 24. g4 a5 25. Ba3 Nd4 26. Nxd4 Rd8 27. Bc5 Bxa2 28. Bf3 Bc4 29. b3 Ba6 30. Kg2 Rd7 31. h4 b5 32. Nc6 Rxd1 33. Bxd1 Bc3 34. Bb6 Bb7 35. Bf3 a4 36. bxa4 bxa4 37. Ne7+ Kf8 38. Bxb7 Kxe7 39. Bc6 1-0

[Event "Ruhrgebiet Regionalliga 0910"]
[Site "Germany"]
[Date "2010.05.02"]
[Round "9.3"]
[White "Viebahn, Dirk"]
[Black "Schlange, Stefan"]
[Result "1/2-1/2"]
[WhiteElo "2187"]
[BlackElo "2252"]
[PlyCount "85"]
[EventDate "2009.09.06"]
[EventType "team-tourn"]
[EventRounds "9"]
[EventCountry "GER"]
[SourceTitle "EXT 2011"]
[Source "ChessBase"]
[SourceDate "2010.11.26"]
[SourceVersion "1"]
[SourceVersionDate "2010.11.26"]
[SourceQuality "1"]
[WhiteTeam "Borbeck Weisse Dame"]
[BlackTeam "Wattenscheid III"]
[WhiteTeamCountry "GER"]
[BlackTeamCountry "GER"]

1. c4 e5 2. g3 Nc6 3. Nc3 d6 4. Bg2 Be6 5. b4 Qd7 6. b5 Nd8 7. d3 g6 8. Rb1 Bg7 9. Nd5 c6 10. bxc6 bxc6 11. h3 f6 12. Nc3 Ne7 13. Ne4 0-0 14. Ba3 Nf7 15. Nf3 h6 16. Qa4 f5 17. Ned2 g5 18. Qa6 Rab8 19. 0-0 h5 20. Rxb8 Rxb8 21. e3 Ng6 22. Nh2 Rc8 23. Rb1 Nd8 24. Bb4 Rb8 25. Ba5 Rxb1+ 26. Nxb1 Qb7 27. Qxb7 Nxb7 28. Bc7 d5 29. cxd5 cxd5 30. Nc3 e4 31. dxe4 dxe4 32. Nxe4 Bxa2 33. Nxg5 Nc5 34. h4 Ne5 35. Nhf3 Ng4 36. Nd4 Bb1 37. Bd5+ Kh8 38. Nc6 a6 39. Ne7 Bc3 40. Ng6+ Kg7 41. Nf4 Nf6 42. Bd6 Nce4 43. Nfe6+ 1/2-1/2

[Event "Ruhrgebiet Regionalliga 0910"]
[Site "Germany"]
[Date "2010.03.14"]
[Round "8.4"]
[White "Goldschmidt, Christian"]
[Black "Schlange, Stefan"]
[Result "1-0"]
[WhiteElo "2234"]
[BlackElo "2252"]
[PlyCount "101"]
[EventDate "2009.09.06"]
[EventType "team-tourn"]
[EventRounds "9"]
[EventCountry "GER"]
[SourceTitle "EXT 2011"]
[Source "ChessBase"]
[SourceDate "2010.11.26"]
[SourceVersion "1"]
[SourceVersionDate "2010.11.26"]
[SourceQuality "1"]
[WhiteTeam "Brackel"]
[BlackTeam "Wattenscheid III"]
[WhiteTeamCountry "GER"]
[BlackTeamCountry "GER"]

1. e4 e5 2. Nf3 Nc6 3. Bc4 Nf6 4. Ng5 d5 5. exd5 b5 6. Bf1 Nd4 7. c3 Nxd5 8. cxd4 Qxg5 9. Bxb5+ Kd8 10. 0-0 Bb7 11. Qf3 Rb8 12. dxe5 Nb4 13. d4 Qg6 14. Qg3 Qxg3 15. hxg3 Nc2 16. Nc3 Nxa1 17. Bg5+ Be7 18. Bxe7+ Kxe7 19. Rxa1 Rhd8 20. Rd1 Bd5 21. b3 c6 22. Be2 Rb4 23. Nxd5+ Rxd5 24. Bg4 Rd7 25. f4 a5 26. Kf2 a4 27. a3 Rb8 28. b4 g6 29. Ke3 h5 30. Be2 Rc7 31. Rc1 Kd7 32. Rc5 Ra8 33. Bf3 Ra6 34. Kd3 Rca7 35. g4 h4 36. g5 Rb6 37. Rc1 Ra8 38. b5 Rh8 39. Bxc6+ Ke6 40. Ke4 Ke7 41. Rc4 h3 42. gxh3 Rxh3 43. Rxa4 Rb8 44. Ra7+ Kf8 45. a4 Ra3 46. Bd5 Ra1 47. Rxf7+ Ke8 48. e6 Re1+ 49. Kd3 Rc8 50. Bc6+ Kd8 51. d5 1-0

[Event "Ruhrgebiet Regionalliga 0910"]
[Site "Germany"]
[Date "2010.01.18"]
[Round "5.4"]
[White "Schlange, Stefan"]
[Black "Harms, Andreas"]
[Result "0-1"]
[WhiteElo "2252"]
[BlackElo "2169"]
[PlyCount "72"]
[EventDate "2009.09.06"]
[EventType "team-tourn"]
[EventRounds "9"]
[EventCountry "GER"]
[SourceTitle "EXT 2011"]
[Source "ChessBase"]
[SourceDate "2010.11.26"]
[SourceVersion "1"]
[SourceVersionDate "2010.11.26"]
[SourceQuality "1"]
[WhiteTeam "Wattenscheid III"]
[BlackTeam "Essen Ueberruhr"]
[WhiteTeamCountry "GER"]
[BlackTeamCountry "GER"]

1. e4 c5 2. Nf3 e6 3. d4 cxd4 4. Nxd4 a6 5. Bd3 Nf6 6. 0-0 d6 7. Kh1 Nbd7 8. f4 h5 9. Nc3 b5 10. Qe1 Qc7 11. Nf3 Bb7 12. Bd2 Nc5 13. b4 Ncd7 14. a4 bxa4 15. Nxa4 d5 16. exd5 Nxd5 17. Ng5 Qc6 18. Rf2 Be7 19. c4 N5f6 20. h3 Rd8 21. Nb2 h4 22. Re2 Nb6 23. Ra5 Kf8 24. Rae5 Rd7 25. Bg6 Bd6 26. Nxe6+ Kg8 27. Bxf7+ Rxf7 28. Nd8 Qd7 29. Nxb7 Qxb7 30. c5 Bxe5 31. fxe5 Nh5 32. Qxh4 Nd5 33. Qc4 Ng3+ 34. Kh2 Nxe2 35. c6 Qb5 36. e6 Qb8+ 0-1

[Event "Ruhrgebiet Regionalliga 0910"]
[Site "Germany"]
[Date "2009.11.08"]
[Round "3.3"]
[White "Schlange, Stefan"]
[Black "Pruess, Wilfried"]
[Result "1/2-1/2"]
[WhiteElo "2252"]
[BlackElo "2194"]
[PlyCount "114"]
[EventDate "2009.09.06"]
[EventType "team-tourn"]
[EventRounds "9"]
[EventCountry "GER"]
[SourceTitle "EXT 2011"]
[Source "ChessBase"]
[SourceDate "2010.11.26"]
[SourceVersion "1"]
[SourceVersionDate "2010.11.26"]
[SourceQuality "1"]
[WhiteTeam "Wattenscheid III"]
[BlackTeam "Hamm Koenigsspringer"]
[WhiteTeamCountry "GER"]
[BlackTeamCountry "GER"]

1. e4 c6 2. d4 d5 3. Nc3 dxe4 4. Nxe4 Nd7 5. Ng5 Ngf6 6. Bd3 e6 7. N1f3 h6 8. Nxe6 Qe7 9. 0-0 fxe6 10. Bg6+ Kd8 11. c4 Qd6 12. Qe2 Be7 13. Ne5 Rf8 14. Rd1 Ne8 15. c5 Qc7 16. Nf7+ Rxf7 17. Bxf7 Ndf6 18. Bxe6 Bxe6 19. Qxe6 Qd7 20. Qe2 Nd5 21. Bd2 Bf6 22. b4 Nec7 23. a4 Ne6 24. Rab1 Ke7 25. Re1 Kf7 26. Qh5+ Kg8 27. Rb3 Nxd4 28. Rd3 Qf5 29. Qxf5 Nxf5 30. b5 Rd8 31. g3 Kf7 32. bxc6 bxc6 33. Rb1 Rd7 34. Rdb3 Nde7 35. Bc3 Nd4 36. Bxd4 Bxd4 37. Kg2 Bxc5 38. Rf3+ Kg6 39. h4 Bd4 40. g4 c5 41. h5+ Kh7 42. Rb8 Nc6 43. Rc8 Ne5 44. Rff8 Nf7 45. f4 g6 46. hxg6+ Kxg6 47. Kf3 Kg7 48. Rg8+ Kf6 49. Rc6+ Ke7 50. Rgg6 a5 51. Rge6+ Kf8 52. Rc8+ Kg7 53. Ra6 Re7 54. Rxa5 Re3+ 55. Kg2 Re2+ 56. Kg3 Re3+ 57. Kg2 Re2+ 1/2-1/2

[Event "Ruhrgebiet VL2 0708"]
[Site "Germany"]
[Date "2007.10.21"]
[Round "2.3"]
[White "Jacubowski, Andreas"]
[Black "Schlange, Stefan"]
[Result "0-1"]
[WhiteElo "2191"]
[BlackElo "2241"]
[PlyCount "94"]
[EventDate "2007.09.02"]
[EventType "team"]
[EventRounds "9"]
[EventCountry "GER"]
[SourceTitle "EXT 2009"]
[Source "ChessBase"]
[SourceDate "2008.11.26"]
[SourceVersion "1"]
[SourceVersionDate "2008.11.26"]
[SourceQuality "1"]
[WhiteTeam "Altenessen "]
[BlackTeam "Wattenscheid III"]
[WhiteTeamCountry "GER"]
[BlackTeamCountry "GER"]

1. e4 e5 2. Nf3 Nc6 3. Bb5 f5 4. d3 fxe4 5. dxe4 Nf6 6. Bg5 d6 7. h3 Be6 8. Nc3 Be7 9. Qe2 0-0 10. 0-0-0 Nh5 11. Be3 Qe8 12. Nd5 Bd8 13. g4 Nf4 14. Bxf4 exf4 15. Rhe1 a6 16. Ba4 b5 17. Bb3 Ne5 18. Nd4 Bf7 19. Nf5 a5 20. a3 Kh8 21. Kb1 Bg8 22. Nxf4 Bxb3 23. cxb3 g6 24. f3 a4 25. b4 Nc4 26. Qd3 Qe5 27. Qd4 gxf5 28. exf5 Qxd4 29. Rxd4 Bf6 30. Rxc4 bxc4 31. Ne6 Rfe8 32. Rc1 Rac8 33. Rxc4 c5 34. bxc5 dxc5 35. g5 Bd4 36. Rxa4 Rb8 37. Nxd4 cxd4 38. Rxd4 Re2 39. Rb4 Rxb4 40. axb4 Re5 41. Kc2 Rxf5 42. Kb3 Rxf3+ 43. Kc4 Rxh3 44. b5 Rg3 45. b6 Rxg5 46. b7 Rg8 47. Kc5 h5 0-1

[Event "Ruhrgebiet VL2 0708"]
[Site "Germany"]
[Date "2007.09.16"]
[Round "1.3"]
[White "Schlange, Stefan"]
[Black "Wilbert, Siegfried"]
[Result "1-0"]
[WhiteElo "2241"]
[BlackElo "2150"]
[PlyCount "113"]
[EventDate "2007.09.02"]
[EventType "team"]
[EventRounds "9"]
[EventCountry "GER"]
[SourceTitle "EXT 2009"]
[Source "ChessBase"]
[SourceDate "2008.11.26"]
[SourceVersion "1"]
[SourceVersionDate "2008.11.26"]
[SourceQuality "1"]
[WhiteTeam "Wattenscheid III"]
[BlackTeam "Buer"]
[WhiteTeamCountry "GER"]
[BlackTeamCountry "GER"]

1. e4 c5 2. Nf3 Nc6 3. d4 cxd4 4. Nxd4 Nf6 5. Nc3 e5 6. Ndb5 d6 7. Bg5 a6 8. Na3 b5 9. Bxf6 gxf6 10. Nd5 Bg7 11. c3 f5 12. exf5 Bxf5 13. Nc2 0-0 14. Nce3 Be6 15. Bd3 f5 16. 0-0 Ra7 17. a4 bxa4 18. Qxa4 Ne7 19. Bc4 f4 20. Nxf4 Rxf4 21. Bxe6+ Kh8 22. Qb3 Bh6 23. g3 Rf8 24. Nd5 Nxd5 25. Bxd5 a5 26. Qb5 Bg5 27. b4 Qc7 28. Rxa5 Rxa5 29. Qxa5 Qxc3 30. Qb6 Rd8 31. Qb7 Qc8 32. Qf7 Rf8 33. Qh5 Qf5 34. b5 e4 35. Bxe4 Qxe4 36. Qxg5 d5 37. Qe3 Qxe3 38. fxe3 Rb8 39. Rb1 Rb6 40. Kf2 Kg7 41. e4 dxe4 42. Ke3 Kf6 43. Kxe4 Ke6 44. Kd4 Kd6 45. Kc4 Kc7 46. Kd5 Rh6 47. Rb2 Kb6 48. Ke5 Rh5+ 49. Kf6 Rd5 50. g4 h6 51. h4 Rd4 52. Kf5 Rd5+ 53. Kg6 Rd6+ 54. Kh5 Rd4 55. g5 hxg5 56. hxg5 Rd5 57. Kh6 1-0